[Event "POR-ch University"]
[Site "Guimaraes"]
[Date "2002.05.07"]
[Round "6.4"]
[White "Cunha, Nuno"]
[Black "Louro, Pedro"]
[Result "0-1"]
[WhiteElo "2005"]
[BlackElo "1726"]
[PlyCount "68"]
[EventDate "2002.05.06"]
[EventType "swiss"]
[EventRounds "11"]
[EventCountry "POR"]
[SourceTitle "CBM 088 Extra"]
[Source "ChessBase"]
[SourceDate "2002.07.01"]
[SourceVersion "2"]
[SourceVersionDate "2002.07.01"]
[SourceQuality "1"]

1. c4 c6 2. Nc3 d5 3. cxd5 cxd5 4. d3 e6 5. Nf3 Nc6 6. g3 Bb4 7. a3 Bc5 8. b4 Bd6 9. Bb2 Nge7 10. Bg2 0-0 11. 0-0 a6 12. Na4 Bd7 13. Rc1 Na7 14. Nc5 Bxc5 15. Rxc5 Rc8 16. Bd4 Nb5 17. Rxc8 Qxc8 18. Bb2 Qc7 19. Qa1 f6 20. Rc1 Qb8 21. Bh3 Rc8 22. Nd2 Rxc1+ 23. Qxc1 Qc8 24. Nb3 Qxc1+ 25. Bxc1 b6 26. a4 Nc3 27. Kf1 Nxa4 28. Nd4 f5 29. e4 g6 30. exf5 gxf5 31. g4 fxg4 32. Bxg4 Kf7 33. h4 Nc3 34. Bh5+ Kg7 0-1

[Event "POR-ch University"]
[Site "Guimaraes"]
[Date "2002.05.06"]
[Round "4.4"]
[White "Cunha, Nuno"]
[Black "Leite, Samuel"]
[Result "1/2-1/2"]
[WhiteElo "2005"]
[BlackElo "1791"]
[PlyCount "67"]
[EventDate "2002.05.06"]
[EventType "swiss"]
[EventRounds "11"]
[EventCountry "POR"]
[SourceTitle "CBM 088 Extra"]
[Source "ChessBase"]
[SourceDate "2002.07.01"]
[SourceVersion "2"]
[SourceVersionDate "2002.07.01"]
[SourceQuality "1"]

1. c4 e5 2. Nc3 d6 3. g3 f5 4. d3 Nf6 5. Bg2 Nc6 6. Nf3 g6 7. Rb1 Bg7 8. Bd2 0-0 9. 0-0 h6 10. b4 Be6 11. b5 Ne7 12. Qc1 Kh7 13. a4 Qd7 14. c5 Rae8 15. e3 Nh5 16. Ne1 f4 17. exf4 exf4 18. Ne2 fxg3 19. Nxg3 Nxg3 20. fxg3 Rxf1+ 21. Kxf1 Bh3 22. Kg1 Bd4+ 23. Be3 Nf5 24. Bxd4 Nxd4 25. Kh1 Bxg2+ 26. Nxg2 dxc5 27. Qxc5 Re2 28. Rc1 Ne6 29. Qxa7 Qd5 30. Rg1 Qxd3 31. Qxb7 Nd4 32. Qxc7+ Kg8 33. b6 Rxg2 34. Kxg2 1/2-1/2